000 01611cam a2200349 a 4500
001 2961
003 FISKH
005 20250522145505.0
008 080724s2009 mnua c 000 1 eng
010 _a 2008032428
020 _a9781434211569 (library binding)
020 _a9781434213747 (pbk.)
040 _aDLC
_cDLC
_dDLC
_beng
042 _alcac
050 0 0 _aPZ7.E9215
_bToy 2009
082 0 0 _a[Fic]
_222
100 1 _aEverheart, Chris.
245 1 4 _aThe toys of terror /
_cwritten by Chris Everheart ; illustrated by John Delaney and Lee Loughridge Superman created by Jerry Siegel and Joe Shuster
260 _aMinneapolis :
_bStone Arch Books,
_c2013.
300 _a49 pages :
_bcolor illustrations ;
_c20 cm.
490 0 _aDC super heroes. Superman
500 _a"Superman created by Jerry Siegel and Joe Shuster."
505 _aO
520 _aChristmas dreams become nightmares when toys turn deadly. Tiny helicopters attack holiday shoppers. Cannons shoot out rubber duckies. Even a bouncing soccer ball is transformed into a deadly weapon. SUPERMAN must save LOIS LANE and a group of children trapped on a runaway holiday parade float. But when the float hides inside a giant tunnel made of lead, even SUPERMAN'S super-vision cannot find the victims. Only one person can be behind all the mayhem, the TOYMAN!
521 _a610
_bLexile
521 _aO
_bRaz-Plus
650 1 _aSuperheroes
_vFiction.
700 1 _aDelaney, John,
_eillustrator
700 1 _aLoughridge, Lee
_eillustrator
906 _a7
_bcbc
_corignew
_d1
_eecip
_f20
_gy-gencatlg
942 _2ddc
_cBK
_n0
999 _c2961
_d2961